Madeline and the bad hat / (Record no. 8458)

MARC details
000 -LEADER
fixed length control field 01115cam a22003491 4500
001 - CONTROL NUMBER
control field 8458
003 - CONTROL NUMBER IDENTIFIER
control field FISKH
005 - DATE AND TIME OF LATEST TRANSACTION
control field 20250912155757.0
008 - FIXED-LENGTH DATA ELEMENTS--GENERAL INFORMATION
fixed length control field 850925s1956 nyua j 000 1 eng
010 ## - LIBRARY OF CONGRESS CONTROL NUMBER
LC control number 57000062
020 ## - INTERNATIONAL STANDARD BOOK NUMBER
International Standard Book Number 9780670782253
035 ## - SYSTEM CONTROL NUMBER
System control number 4529491
040 ## - CATALOGING SOURCE
Original cataloging agency DLC
Language of cataloging eng
Transcribing agency DLC
Modifying agency DLC
050 00 - LIBRARY OF CONGRESS CALL NUMBER
Classification number PZ7.B423
Item number Mac
082 00 - DEWEY DECIMAL CLASSIFICATION NUMBER
Classification number 811
100 1# - MAIN ENTRY--PERSONAL NAME
Personal name Bemelmans, Ludwig,
Dates associated with a name 1898-1962.
245 10 - TITLE STATEMENT
Title Madeline and the bad hat /
Statement of responsibility, etc. written and illustrated by Ludwig Bemelmans.
260 ## - PUBLICATION, DISTRIBUTION, ETC.
Place of publication, distribution, etc. New York :
Name of publisher, distributor, etc. Viking Press
Date of publication, distribution, etc. 1956
300 ## - PHYSICAL DESCRIPTION
Extent 50 pages :
Other physical details color illustrations ;
Dimensions 20 cm
336 ## - CONTENT TYPE
Content type term text
Content type code txt
Source rdacontent
337 ## - MEDIA TYPE
Media type term unmediated
Media type code n
Source rdamedia
338 ## - CARRIER TYPE
Carrier type term volume
Carrier type code nc
Source rdacarrier
505 ## - FORMATTED CONTENTS NOTE
Formatted contents note R<br/>
520 ## - SUMMARY, ETC.
Summary, etc. When the Spanish ambassador moves in next door, Madeline and the rest of the twelve little girls discover that his son is not the best neighbor.
521 8# - TARGET AUDIENCE NOTE
Target audience note 720<br/>
Source Lexile AD<br/>
521 8# - TARGET AUDIENCE NOTE
Target audience note R <br/>
Source Raz-Plus<br/>
650 #1 - SUBJECT ADDED ENTRY--TOPICAL TERM
Topical term or geographic name entry element Stories in rhyme.
650 #1 - SUBJECT ADDED ENTRY--TOPICAL TERM
Topical term or geographic name entry element Picture books.
906 ## - LOCAL DATA ELEMENT F, LDF (RLIN)
a 7
b cbc
c orignew
d u
e ocip
f 19
g y-gencatlg
942 ## - ADDED ENTRY ELEMENTS (KOHA)
Source of classification or shelving scheme Dewey Decimal Classification
Koha item type Books
Suppress in OPAC No
Holdings
Withdrawn status Lost status Source of classification or shelving scheme Damaged status Not for loan Collection Home library Current library Shelving location Date acquired Total Checkouts Full call number Barcode Date last seen Copy number Price effective from Koha item type
    Dewey Decimal Classification     Juvenile Fiction Footprints International School Library Network Toul Tom Poung Campus Footprints International School Library Network Toul Tom Poung Campus TTP Primary Orange Bookshelves 09/12/2025   BEM 811 PZ8.B425 M FISBK057046 09/12/2025 1 09/12/2025 Books